| 000 | 00687nam a2200205 i 4500 | ||
|---|---|---|---|
| 001 | 185516 | ||
| 003 | SpMaBN | ||
| 005 | 20250824055549.0 | ||
| 008 | 160616s1975 sp |||| |dspa d | ||
| 080 | _a821.134.2-22"19" | ||
| 100 | 1 |
_aAlonso Millán, Juan José. _920361 |
|
| 245 | 1 | 0 |
_aCantando se entiende la gente _b; y ¿A que nos quitan lo bailao...? / _coriginales de Juan José Alonso Millán. |
| 260 |
_aMadrid : _bEscelicer, _c[1975] |
||
| 300 |
_a117 p. ; _c16 cm. |
||
| 490 | 1 |
_aColección teatro ; _v773 |
|
| 740 | 1 | 2 | _a¿A que nos quitan lo bailao...? |
| 830 | 0 | 0 |
_aColección teatro (Escelicer) _v773 _9183149 |
| 852 |
_aES-MaACL _jL-30404 |
||
| 999 |
_c185516 _d185516 |
||